00482 a2200157 4500020001500000020001800015082001500033100001900048245012100067260003100188300002100219490003000240700001900270700001000289830002500299 a3540310266 a9783540310266 a530.120151 aAsch,Joachim .10aMathematical physics of quantum mechanics :bselected and refereed lectures from qmath9 /cJoachim Asch, Alain Joye. a[S.l.] :bSpringer,c2006. a506 p. ;c24 cm.1 aLecture notes in physics. aAsch,Joachim . aJoye, aLecture notes in phy